[Event "Oslo ASKO Pinseturnering-A"]
[Site "Oslo"]
[Date "2009.05.30"]
[Round "5"]
[White "Kjoita, Henning Jakhelln"]
[Black "Ramsoy, Sveinung"]
[Result "1-0"]
[WhiteElo "1569"]
[BlackElo "1545"]
[PlyCount "115"]
[EventDate "2009.05.30"]
[EventType "swiss"]
[EventRounds "6"]
[EventCountry "NOR"]
[SourceTitle "EXT 2011"]
[Source "ChessBase"]
[SourceDate "2010.11.26"]
[SourceVersion "1"]
[SourceVersionDate "2010.11.26"]
[SourceQuality "1"]

1. e4 d6 2. d4 Nf6 3. Nc3 c6 4. f4 Qa5 5. Bd3 e5 6. Nf3 Bg4 7. fxe5 Bxf3 8. Qxf3 dxe5 9. dxe5 Qxe5 10. Bf4 Qh5 11. 0-0-0 Qxf3 12. gxf3 Nbd7 13. Bg3 Nb6 14. Bh4 Be7 15. Rhg1 g6 16. f4 Nh5 17. Bxe7 Kxe7 18. Rgf1 Rad8 19. f5 Nd7 20. Be2 Nhf6 21. Rf2 Ne5 22. Rdf1 Rhf8 23. h3 g5 24. Rg1 h6 25. Rfg2 Rd4 26. Rg3 Nxe4 27. Re3 Nxc3 28. Rxe5+ Kf6 29. bxc3 Kxe5 30. cxd4+ Kxd4 31. Bg4 Re8 32. Rd1+ Kc3 33. Rd3+ Kc4 34. Kb2 Re5 35. Rd7 Rb5+ 36. Kc1 Kc3 37. Rd3+ Kb4 38. f6 c5 39. Rb3+ Ka5 40. Bh5 c4 41. Rxb5+ Kxb5 42. Bxf7 Kc6 43. Bxc4 Kd6 44. Kd2 h5 45. Ke3 b5 46. Bxb5 Ke6 47. Be8 Kxf6 48. Bxh5 Ke5 49. c4 a5 50. a4 Kd6 51. Kd4 Kc6 52. c5 Kd7 53. Kd5 Kc7 54. c6 Kc8 55. Kd6 Kb8 56. c7+ Kb7 57. Bf3+ Kc8 58. Kc6 1-0